000 00747nam a2200217 4500
003 OSt
005 20240725023727.0
006 a
008 240725b |||||||| |||| 00| 0 eng d
020 _a9781854584403
040 _aDWCL-Main lib.
_cOC
082 _2Ninth edition
_aCirc. 428.24071 G854t 2009
100 _aGriffith, Susan
245 _aTeaching English abroad : a fresh and fully up-to-date to teaching English around the world /
250 _aNinth edition
260 _aOxford :
_bVacation Work,
_cc2009.
300 _b535 p. : ill. ;
_c24 cm.
650 _a1. English language-Study and teaching-Foreign speakers.
650 _a2. English teachers-Employment-Foreign Countries.
942 _2ddc
_n0
_cBK-CIRC
_eNinth edition
_kCirc.
999 _c2706
_d2706